Собрание творений. Т. 8, ч. 1: [Изъяснение Евангелия от Луки (Запись № 11140902)

Подробности
000 -МАРКЕР
контрольное поле 02461nam2a2200361 4500
001 - ИДЕНТИФИКАТОР ЗАПИСИ
контрольное поле RU\NLR\BIBL_A\011949728
005 - ИДЕНТИФИКАТОР ВЕРСИИ
контрольное поле 20250626155031.0
010 ## - МЕЖДУНАРОДНЫЙ СТАНДАРТНЫЙ НОМЕР КНИГИ (ISBN)
Номер (ISBN) 978-5-7429-1189-0
Тираж 500
021 ## - НОМЕР ГОСУДАРСТВЕННОЙ РЕГИСТРАЦИИ
Код страны российская федерация
Номер 2019-4247
Номер Листа государственной регистраци КН-П-314
035 ## - ДРУГИЕ СИСТЕМНЫЕ НОМЕРА
Идентификатор записи (RuMoRGB)009874902
035 ## - ДРУГИЕ СИСТЕМНЫЕ НОМЕРА
Идентификатор записи (NLR Aleph) 011949728
100 ## - ДАННЫЕ ОБЩЕЙ ОБРАБОТКИ
Данные общей обработки 20190301d2019 |||y0rusy50 ca
101 1# - ЯЗЫК РЕСУРСА
Язык текста, звукозаписи и т.д. русский
-- латинский
Язык оригинала латинский
-- древнеболгарский, староболгарский, старославянский, церковнославянский
102 ## - СТРАНА ПУБЛИКАЦИИ ИЛИ ПРОИЗВОДСТВА
Страна публикации российская федерация
105 ## - ПОЛЕ КОДИРОВАННЫХ ДАННЫХ: ТЕКСТОВЫЕ МАТЕРИАЛЫ, МОНОГРАФИЧЕСКИЕ
Кодированные данные о монографическом текстовом документе y w 001zy
200 1# - ЗАГЛАВИЕ И СВЕДЕНИЯ ОБ ОТВЕТСТВЕННОСТИ
Основное заглавие [Изъяснение Евангелия от Луки
Параллельное заглавие Expositio Euangelii secundum Lucam
Обозначение и номер части книги 1-5
Последующие сведения об ответственности перевод с латинского языка канд. филол. наук С. А. Степанцова]
Язык параллельного заглавия латинский
210 ## - ПУБЛИКАЦИЯ, РАСПРОСТРАНЕНИЕ И ДР.
Дата издания, распространения и т.д. 2019
Место издания, распространения и т.д. Б. м.
215 ## - ФИЗИЧЕСКАЯ ХАРАКТЕРИСТИКА
Специфическое обозначение материала и объем 414 с.
300 ## - ОБЩИЕ ПРИМЕЧАНИЯ
Текст примечания Текст рус., лат.
320 ## - ПРИМЕЧАНИЯ О НАЛИЧИИ В ДОКУМЕНТЕ БИБЛИОГРАФИИ / УКАЗАТЕЛЯ
Текст примечания Библиогр.: с. 34-35 и в подстроч. примеч.
320 ## - ПРИМЕЧАНИЯ О НАЛИЧИИ В ДОКУМЕНТЕ БИБЛИОГРАФИИ / УКАЗАТЕЛЯ
Текст примечания Указ. имён: с. 412-414
461 #0 - УРОВЕНЬ НАБОРА
Встроенное поле 001RU\NLR\bibl\2022183
-- 2001#$aСобрание творений$d[Opera]$eна латинском и русском языках$fсвт. Амвросий Медиоланский$g[Кулькова Н.А., сост.$gредкол.: прот. Александр Салтыков (пред.) и др., д-р богосл. наук дон Франческо Браски$gпер. с лат. Д.Е. Афиногенова и др.$gпер. со старославян. Ф.Б. Альбрехта]$gПравослав. Свято-Тихон. гуманитар. ун-т$zlat$vТ. 8, ч. 1
-- 700#0$aАмвросий$cепископ Миланский$fок.340-397$3RU\NLR\AUTH\7710074$4070
Системный номер (АБИС) связанной записи 4453898
Автор Амвросий (епископ Миланский ; ок.340-397)
Место публикации Москва
Дата публикации 2012
Первые сведения об ответственности святитель Амвросий Медиоланский
Параллельное заглавие [Opera]
Имя издателя, распространителя и т.д. Изд-во ПСТГУ
Сведения, относящиеся к заглавию на латинском и русском языках
Заглавие Собрание творений
Номер тома Т. 8, ч. 1
510 1# - ПАРАЛЛЕЛЬНОЕ ЗАГЛАВИЕ
Параллельное заглавие Expositio Euangelii secundum Lucam
Язык заглавия латинский
605 ## - ЗАГЛАВИЕ КАК ПРЕДМЕТ
Начальный элемент ввода Библия
Наименование части Новый Завет
-- Евангелие от Луки
Тематический подзаголовок Толкование
Системный номер авторитетной/нормативной записи 2336753
Идентификатор авторитетной/нормативной записи RU\NLR\AUTH\661397020
686 2# - ИНДЕКСЫ ДРУГИХ КЛАССИФИКАЦИЙ
Индекс Э37-220.911.33
702 #1 - ИМЯ ЛИЦА - ВТОРИЧНАЯ ОТВЕТСТВЕННОСТЬ
Начальный элемент ввода Степанцов
Часть имени, кроме начального элемента ввода С. А.
Расширение инициалов личного имени Сергей Александрович
Код отношения Переводчик
852 ## - МЕСТОНАХОЖДЕНИЕ И ШИФР ХРАНЕНИЯ
Идентификатор организации NLR
Шифр хранения (Call Number) 2012-5/9227
942 ## - ДОПОЛНИТЕЛЬНЫЕ ЭЛЕМЕНТЫ ЗАПИСИ (АБИС)
Тип экземпляра АБИС Книга
980 ## - КОЛЛЕКЦИЯ
Название коллекции Национальная библиография
Экземпляры
Тип экземпляра Дата поступления Источник поступления Библиотека постоянного хранения Библиотека текущего хранения Место хранения Шифр хранения Штрих-код Статус не для выдачи
Книга 01.03.2019 Обязательный экземпляр РНБ (Московский) РНБ (Московский) Русский книжный фонд: издания с 1957 года, 8этаж 2012-5/9227 1-2634292  
Книга 01.03.2019 Обязательный экземпляр РНБ (Московский) РНБ (Московский) Русский книжный фонд: издания с 1957 года, 8этаж 2012-5/9227 1-2634293